000 00795nam a22002537a 4500
001 020045412
003 DO-SdBNP
005 20180118091923.0
007 020045412
008 161202b 2000 ck a ||||| |||| 00| 0 spa d
020 _a9583006696
040 _aBPMSU
_bspa
_cBPMSU
082 _axxxx
_bxxxx
100 1 _aIbsen, Henrik,
_d1828-1906.
245 1 0 _aCasa de muñecas /
_cHenrik Ibsen ; traducción [y prólogo], Birgitte Bønning.
250 _a3ª reimp.
260 _aBogotá, Colombia :
_bPanamericana Editorial,
_c2000.
300 _a143 p. ;
_c21 cm
500 _aIncluye datos biográficos del autor en la solapa de la cubierta.
700 1 2 _aBønning, Birgitte,
_etr.
942 _2ddc
_cBK
945 _aInventariado, 2018 /LP
956 _aLOPEREZ
_b10
_c20161202
_d0041
999 _c12216
_d12216